000 00501nam a22001817a 4500
005 20231116084947.0
008 231116b |||||||| |||| 00| 0 eng d
020 _a0409037818
041 _aEnglish
082 _a344.1 LAB
100 _lEnglish
245 _aLabour Relations Act 66/1995
250 _aFifth Edition
260 _aDurban :
_bLexisNexis Butterworths,
_c2003
300 _b199 pages ;
_c25 cm.
650 _aLegal practice
_bLaw
942 _cBK
_6ALISON_BN_VRIES
999 _c713
_d713